Penerapan Nilai-Nilai Islam : Suatu Pandangan [

Bibliographic Details
Main Author: Mohd Kamal Hassan
Corporate Author: Institut Penilaian Negara
Format: Book
Published: Bangi : Institut Penilaian Negara , 4 3/4 in
Subjects:

MARC

LEADER 00000cam a2200000 7i4500
001 0000004644
005 20111021.0
040 |a INS 
090 0 0 |a VCD 443 
100 0 |a Mohd Kamal Hassan 
245 0 0 |a Penerapan Nilai-Nilai Islam :   |b Suatu Pandangan [  |h cakera video]   |c oleh Prof. Dr. Mohd Kamal Hassan :   |b 13 Mac 1987 
260 |a Bangi :   |b Institut Penilaian Negara ,   |c 4 3/4 in 
300 |a 2 cakera video (124 min.) :   |b by., wrn. ;   |c 4 3/4 in. 
500 |a Juga terdapat dalam format vhs : VHS 80 
650 0 |a Islam and work 
710 1 |a Institut Penilaian Negara 
999 |a VCD0000443   |b VIDEO CD   |c Media Collection   |e Default branch